LEADER 01374nam a2200325 u 4500 001 000000079466 003 CaOOAMICUS 005 20070226123536.0 008 040604s2004 it u000 u ita u 020 $a8882946711 035 $a10997806 040 $aPUL$bita 110 1 $aItalia.$0(OLS)http://pul/name/1188 240 10$aCodice penale$9(Italia).$0(OLS)http://pul/title/51640 245 10$aCodice penale :$bcommentato con la giurisprudenza /$ca cura di Luigi Alibrandi. 250 $a17. ed. 260 $aPiacenza :$bLa Tribuna,$c2004. 300 $a2329 p. ;$c20 cm 490 1 $a2004 i codici commentati 500 $aComprende indici. 630 04$aCodice penale$zItalia.$0(OLS)http://pul/subject/12325 650 4$aDiritto penale$zItalia.$0(OLS)http://pul/subject/10217 700 1 $aAlibrandi, Luigi.$0(OLS)http://pul/name/45474 830 0$a2004 i codici commentati.$0(OLS)http://pul/title/104039 850 $aPUL 852 $aPUL$W1$xDP2 Diritto e Scienze Sociali 2$y100$mUtrCiv E 8.3$j101680$nBK-PRI$qStampati Altre Collocazioni$B101680$CPULBib$Z2$F101680 $H94341 $82 941 1 $a10 996 $6020$a8882946711$9(OLS)http://pul/number/104489 996 $6245$aCodice penale :$bcommentato con la giurisprudenza$9(OLS)http://pul/title/104062 996 $6260$aPiacenza :$bLa Tribuna$9(OLS)http://pul/publisher/69734 LEADER 01259nam a2200337 u 4500 001 000000066764 003 CaOOAMICUS 005 20201119163947.0 008 020123s2001 it u000 u ita u 020 $a8814089191 032 $aLibriCat 035 $a10917741 040 $aPUL$bita 100 1 $aBonilini, Giovanni.$0(OLS)http://pul/name/29216 245 12$aI legati :$b[Artt. 649-673] /$cGiovanni Bonilini. 260 $aMilano :$bGiuffrè,$c2001. 300 $axiv, 473 p. ;$c25 cm 490 1 $aIl Codice civile.$aCommentario 500 $aContiene indici. 505 0 $aArtt. 649-673 650 4$aSuccessione (diritto).$0(OLS)http://pul/subject/1242 650 4$aLegati (diritto).$0(OLS)http://pul/subject/46344 830 3$aIl Codice civile.$pCommentario.$0(OLS)http://pul/title/53143 850 $aPUL 852 $aPUL$W1$xDP2 Diritto e Scienze Sociali 2$y100$mUtrCiv D30 649$j86354$nBK-PRI$b $qStampati Altre Collocazioni$B86354$CPULBib$Z2$F86354 $81 941 1 $a10 961 $aINV: 86350 996 $6020$a8814089191$9(OLS)http://pul/number/86624 996 $6245$aI legati :$b[Artt. 649-673]$9(OLS)http://pul/title/215207 996 $6260$aMilano :$bGiuffrè$9(OLS)http://pul/publisher/48401